000 01630nam0a2200373 4500
001 RU\NLR\BIBL_A\022045895
005 20250228100213.0
010 _a978-5-04-184293-2
_94000
021 _aRU
_bКН-П-23-057401
_9КН-П-23-5774
035 _a(NLR Aleph) 022045895
035 _a(RuMoRGB)012099242
090 _a12583665
_c12583665
100 _a20231011d2023 u y0rusy50 ca
101 0 _arus
102 _aRU
105 _aac z 000zy
181 0 _ai2
_baxxe
181 0 _ab2
_bbb2e
182 0 _an
200 1 _aОсень на звездных спицах
_eкнига для вязальных гурманов
_eновейшие тенденции и модные модели от звезд вязального мира!
_e[сборник]
_fпод редакцией Анны Котовой
203 _aТекст
_aИзображение
_bвизуальные
_cнепосредственные
210 _aМосква
_cБомбора
_cЭксмо
_d2023
215 _a349 с.
_cил., цв. ил., портр.
_d26
225 1 _aСозвездие
_iВяжем с лучшими мастерами страны
300 _aДоп. информ. в ссылках QR-кодов
333 _a12+
606 1 _aВязание спицами
_92090628
_3RU\NLR\AUTH\661569003
675 _a746.42
_v4
686 1 _aМ483
702 1 _4340
_7ca
_8rus
_aКотова
_bА. И.
_gАнна Игоревна
_92649567
_3RU\NLR\AUTH\770277600
942 _cBOOK
980 _aNB